| 000 | 01337nam0a2200337 4500 | ||
|---|---|---|---|
| 001 | RU\NLR\bibl\197569 | ||
| 005 | 20250619091931.0 | ||
| 010 | _a5-7434-0172-1 | ||
| 035 | _a(NLR Aleph) 000194009 | ||
| 090 |
_a1122752 _c1122752 |
||
| 100 | _a20011029d1996 |||y0rusy50 ca | ||
| 101 | 0 | _arus | |
| 102 | _aRU | ||
| 105 | _aa ||||||||| | ||
| 200 | 1 |
_aИскусство Средних веков и Возрождения _fЕ.Н. Столярова, К.В. Романов _gС.-Петерб. гос. ун-т пед. мастерства. Каф. культурологии и философии |
|
| 210 |
_aСПб. _cИзд-во СПбГУПМ _d1996 |
||
| 215 |
_a47,[1] с. _cил. _d28 |
||
| 311 | _aПродолжение кн. Е. Столяровой "Чудеса древнего искусства" | ||
| 488 | 0 |
_12001#$aЧудеса древнего искусства$fСтолярова Е. _tЧудеса древнего искусства |
|
| 686 |
_aШ9 _bЩ |
||
| 700 | 1 |
_aСтолярова _bЕ. Н. _4070 |
|
| 701 | 1 |
_aРоманов _bК. В. _4070 |
|
| 801 | 0 |
_aRU _bNLR _c20011029 _gPSBO |
|
| 801 | 1 |
_aRU _bNLR _c20011029 |
|
| 852 |
_aNLR _j2000-8/2232 |
||
| 942 | _cBOOK | ||
| 980 | _aNB | ||